Atlas fotográfico de anatomía animal

Guardado en:
Autor Principal: Zuccolilli, Gustavo Oscar.
Otros Autores: Rafasquino, Marta Emilia., Cambiaggi, Vanina Laura.
Formato: Electrónico
Idioma:Undetermined
Publicado: Buenos Aires : Weber Ferro, 2000.
Etiquetas: Agregar Etiqueta
Sin Etiquetas, Sea el primero en etiquetar este registro!
LEADER 00584nmm a22001575a 4500
001 EEA.libagro010609
005 20180604100824.0
008 151204s2000####ag#########m########und#d
082 0 4 |a 636.0891 
100 1 |a Zuccolilli, Gustavo Oscar. 
245 1 0 |a Atlas fotográfico de anatomía animal  |h [recurso electrónico] /  |c Gustavo O. Zuccolilli, Marta E. Rafasquino, Vanina L. Cambiaggi. 
260 |a Buenos Aires :  |b Weber Ferro,  |c 2000. 
300 |a 1 CD-ROM. 
700 1 |a Rafasquino, Marta Emilia. 
700 1 |a Cambiaggi, Vanina Laura. 
859 |a AR-BbBCA  |b BIB. AGRONOMIA  |h 636.0891  |i Z94 cd  |p 2004/4569